| 000 | 00343nam a22001457a 4500 | ||
|---|---|---|---|
| 003 | SGT | ||
| 020 | _a978-1-350-07967-0 | ||
| 082 |
_a745.2 _bGRO |
||
| 100 | _aGROSE, VIRGINIA | ||
| 245 | _aA PRACTICAL GUIDE TO THE FASHION INDUSTRY | ||
| 260 |
_aINDIA _bBLOOMSBURY _c2021 |
||
| 300 | _a163 | ||
| 650 | _aFASHION INDUSTRY | ||
| 942 |
_2ddc _cBK |
||
| 999 |
_c25825 _d25825 |
||